Pays non-européens ayant la meilleure espérance de vie - Statistiques

Statistiques générales
  • Ce quiz a été pris 17 155 fois
  • Le résultat moyen est 11 sur 20
Statistiques - réponses
Années Rang Pays % Correct
85,2 3 Japon
97%
80,9 33 États-Unis
93%
84,2 4 Canada
92%
83,5 10 Australie
87%
83,4 12 Corée du Sud
83%
82,9 19 Nouvelle-Zélande
76%
86,7 2 Singapour
60%
79,9 40 Émirats Arabes Unis
56%
80,3 35 Qatar
55%
81,6 32 Taïwan
47%
80,3 37 Chili
46%
83,1 13 Israël
43%
80,1 39 Cuba
37%
79,6 42 Koweït
36%
80,4 34 Bahreïn
35%
79,2 44 Panama
30%
80,3 36 Costa Rica
29%
79,2 45 Liban
27%
80,2 38 Chypre
22%
79,4 43 Sainte-Lucie
15%
Aucun quiz correspondant
Distribution des résultats
% des personnes avec chaque résultat
Percentile par nombre de réponses
Votre historique - résultats
Vous n’avez pas pris ce quiz